Responses for Show #4891 - Monday, December 12, 2005

Contestants

[<< previous game]

Bryn Upton, a college professor from Westminster, Maryland

Rich Way, a manager from Aromas, California

Elaine Henderson, a children's encyclopedia editor from New Milford, Connecticut (whose 1-day cash winnings total $8,700)

[next game >>]

Jeopardy! Round responses

THE HISTORY OF FLIGHT
TV THEME SONG ENDINGS
(Alex: I'll give you the lyrics. You have to identify the program for us.)
INTERNATIONAL DATE LINES
SIGNS & SYMBOLS
GETTING HUNGARY?
TIME TO EAT
    $200 7
gliders

Rich
    $200 1
The Mary Tyler Moore Show

Elaine
    $200 10
(Alex: Remember, these are date lines. You're trying to hustle or pick up someone.)

Can I buy you a drink?

Triple Stumper
    $200 11
wine

Rich
    $200 6
Budapest

Bryn
    $200 12
spaghetti

Elaine
    $400 8
the Potomac River

Bryn
    $400 2
George of the Jungle

Bryn
    $400 25
I love you

Rich
    $400 17
I Ching

Triple Stumper
    $400 13
Roman Catholic

Triple Stumper
    $400 20
Armour hot dogs

Triple Stumper
    $600 9
the Hindenburg

Rich
    $600 3
(Rich: What is a--um... I'm sorry.)
...
(Alex: [*]. That's what Rich was trying to come up with.)

All in the Family

RichBryn
    $600 26
a Romance language

Rich
    $600 19
Buddhism

Bryn
    $600 14
(Rich: What is the Ottoman Empire?)
...
(Alex: Yes, 14 A.D.)

the Roman Empire

ElaineRich
    $600 21
falafel

Rich
    $800 18
Newfoundland

Rich
    $800 4
The Jeffersons

Bryn
    $800 27
(Alex: Correctamente.)

coucher avec moi

Bryn
    $1,000 29
Sagittarius (or Scorpio)

Rich
    $800 15
Austria

Elaine
    $800 22
Popeyes

Bryn
    $1000 24
the Skunk Works

Rich
    $1000 5
The Flintstones

Elaine
    $1000 28
wiedersehen

Rich
    $1000 30
(Bryn: What is a trident?)

the Caduceus

Bryn
Triple Stumper
    $1000 16
the Mongols

Elaine
    $1000 23
eels

Triple Stumper

Scores at the first commercial break (after clue 15):

Elaine Rich Bryn
$2,800 -$200 $2,400

Scores at the end of the Jeopardy! Round:

Elaine Rich Bryn
$3,800 $5,200 $3,600

Double Jeopardy! Round responses

MYTHOLOGY
ACTORS' ALMA MATERS
MEN OF RELIGION
HEAD GEAR
FOR THE BIRDS
"U" KNOW YOU KNOW
    $400 11
a griffin

Rich
    $400 1
Katharine Hepburn

Bryn
    $400 20
Luther

Elaine
    $400 9
Stetson

Rich
    $400 6
rook

Rich
    $400 15
an umbrella

Elaine
    $800 12
Sigurd

Triple Stumper
    $800 2
Jimmy Stewart

Elaine
    $800 21
Rasputin

Bryn
    $800 10
tiara

Rich
    $800 7
ducks

Triple Stumper
    $800 16
upgrade

Bryn
    $1200 28
Loki

Rich
    $1200 3
Vassar

Bryn
    $200 23
St. Lawrence

Bryn
    $1200 13
dew

Rich
    $600 8
(Rich: What are swans?)
(Alex: No. [*]. [*] is the bird of Athens.)

the owl

Rich
    $1200 17
an urchin

Rich
    $1600 29
(Alex: There were seven of them, and they are [*].)

the Pleiades

Triple Stumper
    $1600 4
Northwestern

Elaine
    $1600 24
Becket

Elaine
    $1600 14
(Rich: Who was Abraham Lincoln?)

William Henry Harrison

RichBryn
    $1600 26
a grouse

Rich
    $1600 18
a unicycle

Bryn
    $2000 30
Ganymede

Triple Stumper
    $2000 5
Bing Crosby

Triple Stumper
    $2000 25
Pol Pot

Rich
    $2000 22
(Elaine: What is Hamburg?)
...
(Alex: Not the famous Hamburg that you think of in German. Hence, the [*] hat.)

Homburg

Elaine
Triple Stumper
    $2000 27
auks

Rich
    $2000 19
Uganda

Rich

Scores at the end of the Double Jeopardy! Round:

Elaine Rich Bryn
$6,600 $16,200 $10,200

[wagering suggestions for these scores]

Final Jeopardy! Round responses

19th CENTURY LIT
(Alex: And Rich Way, you are in a rich way.)
ElaineWhat is Origin of the Species?
$5,401
BrynWhat is Dr. Jekyl and Mr. Hyde?
$4,000
RichWhat is Dr. Jekyll and Mr. [H crossed off, with another H with an arrow pointing to it]yde?
$4,201
Dr. Jekyll and Mr. Hyde

Final scores:

Elaine Rich Bryn
$1,199 $20,401 $14,200
3rd place: $1,000 New champion: $20,401 2nd place: $2,000

Game dynamics:

Coryat scores:

Elaine Rich Bryn
$6,600 $16,600 $11,200
11 R,
1 W
21 R
(including 1 DD),
4 W
(including 1 DD)
15 R
(including 1 DD),
1 W

Combined Coryat: $34,400

[game clues] [game scores] [suggest correction]

Game tape date: 2005-09-21
The J! Archive is created by fans, for fans. Scraping, republication, monetization, and malicious use prohibited; this site may use cookies and collect identifying information. See terms. The Jeopardy! game show and all elements thereof, including but not limited to copyright and trademark thereto, are the property of Jeopardy Productions, Inc. and are protected under law. This website is not affiliated with, sponsored by, or operated by Jeopardy Productions, Inc. Join the discussion at JBoard.tv.